00986nam a2200181 a 450000500170000000800410001704000120005804100080007004400070007811000310008524501880011626000670030430000110037150001560038252002030053865000450074165000180078620180803165226.0131126b2005 ck ||||| |||| 00| 0 spa d cCO-BoIH aspa ack bCorporación Serraniaguas aEstablecimientos y evaluación de herramientas de manejo del paisaje desde la reconversión productiva de paisajes andinos - paisaje rural cafetero del municipio de El Cairo (Valle) aEl CairobSerraniaguasbInstituto Alexander von Humboldtc2005 a142 p. aInforme tecnico contrato Nº.161 entre el Instituto de Investigación de Recursos Biológicos Alexander von Humboldt y la corporacion Serraniagua.  aLa conservación de la biodiversidad,debido a los resultados obtenidos con las caracterizaciones biológicas, las condiciones climáticas y su ubicación dentro de la serranía de los Paraguas. aZona cafeterazEl cairo (Valle de Cauca) aBiodiversidad